|
|
|
|
| LEADER |
00900nab#a2200313#ar4500 |
| 001 |
000071972 |
| 003 |
SVKKK |
| 005 |
20020114xxxxxxx. |
| 008 |
06 c xo huno |
| FMT |
|
|
|
| 038 |
|
|
|a SVKKK
|
| 040 |
|
|
|a SVKKK
|b slo
|e AACR2
|
| 041 |
0 |
|
|a hun
|
| 044 |
|
|
|a xo
|c SK
|
| 080 |
|
|
|a 392
|
| 242 |
1 |
0 |
|a Sobáš
|
| 245 |
0 |
0 |
|a Esküvő
|
| 500 |
|
|
|a mikrofilm
|
| 520 |
2 |
|
|a Správa o sobáši humenského advokáta Eugena (Jenő) Fischa s Adelou Grosz v Sátoraljaujhely 18. 06. 1913.
|
| 650 |
0 |
4 |
|a sobáše - Fisch, Eugen (advokát) - Humenné - pôsobenie - Grosz, Adela (nevesta) - Sátoraljaujhely (HU) - 18.06.1913 - správy
|
| 773 |
0 |
|
|t Homonna és Vidéke : Hetilap
|g Roč. 13, č. 26 (22.06.1913) s. 2
|
| 957 |
|
|
|a Humenné
|
| 957 |
|
|
|a Sátoraljaujhely (HU)
|
| 958 |
|
|
|a DG
|
| 958 |
|
|
|a SK
|
| 974 |
|
|
|a Ba
|d 20020114
|
| 992 |
|
|
|a RBX
|
| BAS |
|
|
|
| 998 |
|
|
|a RETRO
|